| 000 -LEADER |
| fixed length control field |
00598pab a2200193 454500 |
| 008 - FIXED-LENGTH DATA ELEMENTS--GENERAL INFORMATION |
| fixed length control field |
180718b2011 xxu||||| |||| 00| 0 eng d |
| 100 ## - MAIN ENTRY--PERSONAL NAME |
| Personal name |
Burman, K.K. |
| 245 ## - TITLE STATEMENT |
| Title |
The present status of micro, small and medium enterprises (MSMEs) in Assam - an economic analysis |
| 260 ## - PUBLICATION, DISTRIBUTION, ETC. |
| Date of publication, distribution, etc. |
2011 |
| 300 ## - PHYSICAL DESCRIPTION |
| Extent |
p.47-63. |
| 362 ## - DATES OF PUBLICATION AND/OR SEQUENTIAL DESIGNATION |
| Dates of publication and/or sequential designation |
Jan-Mar |
| 650 ## - SUBJECT ADDED ENTRY--TOPICAL TERM |
| Topical term or geographic name entry element |
Small enterprises - India - Assam |
| 650 ## - SUBJECT ADDED ENTRY--TOPICAL TERM |
| Topical term or geographic name entry element |
Assam - Industries, Small scale |
| 650 ## - SUBJECT ADDED ENTRY--TOPICAL TERM |
| Topical term or geographic name entry element |
Small scale industry |
| 700 ## - ADDED ENTRY--PERSONAL NAME |
| Personal name |
Das, Bisvajit |
| 773 ## - HOST ITEM ENTRY |
| Main entry heading |
IASSI Quarterly - Contribution to Indian Social Science |
| 908 ## - PUT COMMAND PARAMETER (RLIN) |
| Put command parameter |
N |
| 909 ## - |
| -- |
94458 |